LEADER 00574oam 2200169z- 450 001 9910557938703321 035 $a(CKB)5400000000047122 035 $a(EXLCZ)995400000000047122 100 $a20220921c2008uuuu -u- - 101 0 $afre 200 10$aAlbum contemporain pour la jeunesse : Nouvelles formes, nouveaux acteurs 210 $cPresses Universitaires de Bordeaux 517 $aAlbum contemporain pour la jeunesse 906 $aBOOK 912 $a9910557938703321 996 $aAlbum contemporain pour la jeunesse : Nouvelles formes, nouveaux acteurs$92825668 997 $aUNINA